On oscillation of solutions of differential equations with distributed delay
We obtain sufficient conditions for oscillation of solutions to a linear differential equation with distributed delay. We construct examples showing that constants in the conditions are unimprovable.
Elmentve itt :
| Szerzők: | |
|---|---|
| Dokumentumtípus: | Folyóirat |
| Megjelent: |
2016
|
| Sorozat: | Electronic journal of qualitative theory of differential equations
|
| Kulcsszavak: | Differenciálegyenlet - késleltetett, Differenciálegyenlet - lineáris |
| Online Access: | http://acta.bibl.u-szeged.hu/55456 |
| LEADER | 00970nas a2200205 i 4500 | ||
|---|---|---|---|
| 001 | acta55456 | ||
| 005 | 20260224081030.0 | ||
| 008 | 181106s2016 hu o 000 eng d | ||
| 022 | |a 1417-3875 | ||
| 040 | |a SZTE Egyetemi Kiadványok Repozitórium |b hun | ||
| 041 | |a eng | ||
| 100 | 1 | |a Malygina Vera | |
| 245 | 1 | 3 | |a On oscillation of solutions of differential equations with distributed delay |h [elektronikus dokumentum] / |c Malygina Vera |
| 260 | |c 2016 | ||
| 300 | |a 1-15 | ||
| 490 | 0 | |a Electronic journal of qualitative theory of differential equations | |
| 520 | 3 | |a We obtain sufficient conditions for oscillation of solutions to a linear differential equation with distributed delay. We construct examples showing that constants in the conditions are unimprovable. | |
| 695 | |a Differenciálegyenlet - késleltetett, Differenciálegyenlet - lineáris | ||
| 700 | 0 | 1 | |a Sabatulina Tatyana |e aut |
| 856 | 4 | 0 | |u http://acta.bibl.u-szeged.hu/55456/1/ejqtde_2016_116.pdf |z Dokumentum-elérés |